| 000 | 00677nam a2200253 a 4500 | ||
|---|---|---|---|
| 001 | nice12345678 | ||
| 003 | IN_TiNIC | ||
| 005 | 20260116013324.0 | ||
| 008 | 050524s1994 hyda grp 000 0 eng | ||
| 020 |
_a8185194 _c150 |
||
| 082 | 0 | 0 |
_a305.40954 _bSUB4 |
| 100 | _aSubbamma, Malladi | ||
| 245 | _aFearless Feminist; Autobiography of a Social Revolutionary | ||
| 260 |
_aHyderabad _bBooklinks Corporation _c1994 |
||
| 300 | _a155p | ||
| 500 | _aincludes index and biblioraphy | ||
| 505 | 2 | _aBibliography, Index | |
| 650 | _aWomen-India | ||
| 650 | _aMalladi Subbamma | ||
| 700 | 1 | _aSubbamma, Malladi | |
| 902 | _bSRS | ||
| 942 | _cBK | ||
| 999 |
_c10552 _d10552 |
||